000 01724nam0a2200337 i 4500
001 RU\NLR\BIBL_A\010458584
005 20260408082206.0
010 _a9785918670385
_9250
021 _aRU
_b2014-47598
_92879
035 _a(NILC)RuMoRGB-007518332
035 _a(NLR Aleph) 010458584
090 _a9963621
_c9963621
100 _a20140904d2013 km y0rusy50 ca
101 0 _arus
_aeng
102 _aRU
105 _ay|||j|||000yy
200 1 _aTime to listen
_eteacher's book
_fМ-во образования и науки Российской Федерации, Гос. образовательное учреждение высш. проф. образования "Поволжская гос. социально-гуманитарная акад."
_g[сост.: А. М. Клюшина, Д. А. Сараева]
210 _aСамара
_cПорто-принт
_d2013
215 _a93 с.
_d21 с
300 _aНа обл. авт.: Alyona Klyuahina, Daria Saraeva
320 _aБиблиогр.: с. 92 (12 назв.)
606 1 _aАнглийский язык
_jУчебные издания
_xРазговорная речь
_xОбучение
_xСредняя школа
_9972139
_3RU\NLR\AUTH\6645947
686 1 _aЧ426.179Ан2(2)52я7
702 1 _4220
_7ca
_8rus
_aКлюшина
_bА. М.
_gАлёна Михайловна
_9134749
_3RU\NLR\AUTH\770134783
712 0 2 _4570
_aПоволжская государственная социально-гуманитарная академия
_cСамара
_3RU\NLR\AUTH\8810141449
_9777694
801 0 _aRU
_bРГБ
_c20140709
_gRCR
801 1 _aRU
_bРГБ
_c20140709
_2rusmarc
942 _cBOOK
980 _aNBR